[Event "GER-ch U10"]
[Site "Willingen"]
[Date "2023.06.02"]
[Round "9"]
[White "Pawlak, Antoni"]
[Black "Moskalenko, Michael"]
[Result "1-0"]
[WhiteElo "1323"]
[BlackElo "1243"]
[PlyCount "37"]
[EventDate "2023.05.27"]
[EventType "swiss"]
[EventRounds "11"]
[EventCountry "GER"]
[SourceTitle "CBM 214 Extra"]
[Source "ChessBase"]
[SourceDate "2023.07.31"]
[SourceVersion "1"]
[SourceVersionDate "2023.07.31"]
[SourceQuality "1"]

1. e4 d5 2. exd5 Nf6 3. Bb5+ Bd7 4. Be2 Nxd5 5. Nf3 g6 6. d4 Bg7 7. c4 Nb6 8. Nc3 0-0 9. 0-0 e6 10. Bf4 a6 11. Qd2 Re8 12. Rad1 Nc6 13. Bh6 Bh8 14. Qf4 e5 15. dxe5 Nxe5 16. c5 Nc8 17. Ng5 f6 18. Bc4+ Nxc4 19. Qxc4+ 1-0

[Event "GER-ch U10"]
[Site "Willingen"]
[Date "2023.06.02"]
[Round "10"]
[White "Retzlaff, Nick"]
[Black "Pawlak, Antoni"]
[Result "1-0"]
[WhiteElo "1523"]
[BlackElo "1323"]
[PlyCount "79"]
[EventDate "2023.05.27"]
[EventType "swiss"]
[EventRounds "11"]
[EventCountry "GER"]
[SourceTitle "CBM 214 Extra"]
[Source "ChessBase"]
[SourceDate "2023.07.31"]
[SourceVersion "1"]
[SourceVersionDate "2023.07.31"]
[SourceQuality "1"]

1. e4 e6 2. d4 d5 3. exd5 exd5 4. Nf3 Nc6 5. Bd3 Bd6 6. 0-0 Nge7 7. c3 Bg4 8. Be3 Qd7 9. Nbd2 0-0 10. Qc2 h6 11. Rfe1 Rfe8 12. b3 Nf5 13. Re2 Nxe3 14. fxe3 Re7 15. h3 Bxf3 16. Nxf3 Rae8 17. e4 dxe4 18. Rxe4 Rxe4 19. Bxe4 Bg3 20. Rf1 Qe7 21. Bd5 Qe3+ 22. Kh1 Qe7 23. Qf5 Nd8 24. Nd2 c6 25. Bc4 b5 26. Bd3 g6 27. Qg4 Bb8 28. Ne4 Kg7 29. h4 Qe6 30. Qf3 Nb7 31. c4 a6 32. a4 b4 33. d5 cxd5 34. cxd5 Qe7 35. g3 Qd7 36. g4 Qc7 37. Qf6+ Kg8 38. d6 Qd7 39. Bc4 Nd8 40. Qxg6+ 1-0